[Event "Roquetas de Mar op 35th"]
[Site "Roquetas de Mar"]
[Date "2024.01.07"]
[Round "9"]
[White "Del Prado Rodriguez, Xulio"]
[Black "Shamatava, Nikolozi"]
[Result "1-0"]
[WhiteElo "2294"]
[BlackElo "2088"]
[PlyCount "89"]
[EventDate "2024.01.02"]
[EventType "swiss"]
[EventRounds "9"]
[EventCountry "ESP"]
[SourceTitle "CB02_2024"]
[SourceDate "2024.01.10"]
[SourceVersion "1"]
[SourceVersionDate "2024.01.10"]
[SourceQuality "1"]

1. d4 Nf6 2. c4 e6 3. Nc3 d5 4. cxd5 exd5 5. Bg5 Nbd7 6. e3 h6 7. Bh4 Bb4 8. Bd3 c6 9. Nge2 0-0 10. 0-0 Re8 11. Qc2 Nf8 12. Rad1 Bd6 13. h3 Ne6 14. f3 Bf8 15. Kh1 g5 16. Bf2 Bd7 17. Qd2 Rc8 18. Bb1 b5 19. Ng3 Ng7 20. e4 Nfh5 21. Nce2 f5 22. Nxh5 Nxh5 23. g4 dxe4 24. fxe4 fxg4 25. e5 Re7 26. Qd3 Rg7 27. Qa3 Kh8 28. e6 Be8 29. hxg4 Nf4 30. Nxf4 gxf4 31. Qh3 Qg5 32. Bf5 Be7 33. Rc1 Rd8 34. Rfe1 Rd5 35. Be4 h5 36. Rg1 Kg8 37. gxh5 Qxh5 38. Rxg7+ Kxg7 39. Qxh5 Rxh5+ 40. Kg2 c5 41. dxc5 Bd8 42. Kf3 Kf6 43. Rg1 Kxe6 44. Rg8 Rh3+ 45. Kg2 1-0

[Event "Roquetas de Mar op 35th"]
[Site "Roquetas de Mar"]
[Date "2024.01.06"]
[Round "8"]
[White "Torres Rebolledo, Victor"]
[Black "Del Prado Rodriguez, Xulio"]
[Result "0-1"]
[WhiteElo "2124"]
[BlackElo "2294"]
[PlyCount "86"]
[EventDate "2024.01.02"]
[EventType "swiss"]
[EventRounds "9"]
[EventCountry "ESP"]
[SourceTitle "CB02_2024"]
[SourceDate "2024.01.10"]
[SourceVersion "1"]
[SourceVersionDate "2024.01.10"]
[SourceQuality "1"]

1. d4 Nf6 2. c4 e6 3. Nc3 Bb4 4. e3 0-0 5. Bd2 d5 6. Nf3 b6 7. cxd5 exd5 8. Rc1 Re8 9. Bd3 a6 10. Ne5 Bb7 11. 0-0 c5 12. a3 cxd4 13. exd4 Bd6 14. f4 Nbd7 15. Qf3 Nf8 16. Be1 Ne4 17. Nxe4 dxe4 18. Bxe4 Bxe5 19. Bxb7 Bxd4+ 20. Kh1 Ra7 21. Rc8 Qd7 22. Rxe8 Qxe8 23. b4 Qe7 24. Bd5 Rd7 25. a4 h6 26. Bc4 Ra7 27. Qd3 Qd7 28. f5 Be5 29. Qe4 Qd4 30. Qe2 Qd6 31. h3 a5 32. bxa5 bxa5 33. Qd3 Qf6 34. Qe4 Bb8 35. Bd2 Rd7 36. Qe2 Rd4 37. Rb1 Qd6 38. Rxb8 Rxd2 39. Bxf7+ Kxf7 40. Qc4+ Qd5 41. Rb7+ Kg8 42. Qxd5+ Rxd5 43. g4 Rd4 0-1

[Event "Roquetas de Mar op 35th"]
[Site "Roquetas de Mar"]
[Date "2024.01.05"]
[Round "6"]
[White "Tejedor Fuente, Enrique"]
[Black "Del Prado Rodriguez, Xulio"]
[Result "1/2-1/2"]
[WhiteElo "2395"]
[BlackElo "2294"]
[PlyCount "138"]
[EventDate "2024.01.02"]
[EventType "swiss"]
[EventRounds "9"]
[EventCountry "ESP"]
[SourceTitle "CB02_2024"]
[SourceDate "2024.01.10"]
[SourceVersion "1"]
[SourceVersionDate "2024.01.10"]
[SourceQuality "1"]

1. c4 e6 2. Nf3 d5 3. e3 Nf6 4. b3 dxc4 5. Bxc4 a6 6. 0-0 c5 7. Bb2 Be7 8. d4 0-0 9. Nbd2 Nc6 10. dxc5 Bxc5 11. Qe2 Qe7 12. a3 e5 13. b4 Bd6 14. Ng5 Bf5 15. Qf3 Bg6 16. Nde4 Nxe4 17. Nxe4 Rfd8 18. Rac1 Rac8 19. Bd5 Bb8 20. Nc5 a5 21. e4 axb4 22. axb4 Bd6 23. Qb3 b6 24. Ne6 fxe6 25. Bxc6 Bxb4 26. Bxe5 Bc5 27. Qa4 Rd2 28. Rcd1 Rxd1 29. Rxd1 Bxf2+ 30. Kxf2 Qc5+ 31. Qd4 Qxc6 32. Qd7 Rf8+ 33. Kg3 Qxd7 34. Rxd7 Rf7 35. Rd8+ Rf8 36. Rd6 Bxe4 37. Rxe6 Bd5 38. Rxb6 h6 39. Rd6 Bb3 40. Rb6 Bd5 41. Rb5 Bc4 42. Rb4 Be6 43. h3 Rf7 44. Kh2 Kh7 45. g4 Bd5 46. Rb2 Ra7 47. Rd2 Ra2 48. Bb2 Bf7 49. Kg3 Ra7 50. h4 Rb7 51. Bc3 Be6 52. Re2 Bc4 53. Re4 Bd5 54. Rd4 Bf7 55. Rd6 Rb3 56. Rc6 Rb7 57. h5 Bd5 58. Rc5 Bf7 59. Kh4 Rd7 60. g5 hxg5+ 61. Rxg5 Bb3 62. Rb5 Bd1 63. Rg5 Bc2 64. Rg2 Bd3 65. Rd2 Bf5 66. Rf2 Bd3 67. Rb2 Rc7 68. Bd2 Rc2 69. Rxc2 Bxc2 1/2-1/2

[Event "Roquetas de Mar op 35th"]
[Site "Roquetas de Mar"]
[Date "2024.01.04"]
[Round "5"]
[White "Peng, Li Min"]
[Black "Del Prado Rodriguez, Xulio"]
[Result "1/2-1/2"]
[WhiteElo "2575"]
[BlackElo "2294"]
[PlyCount "155"]
[EventDate "2024.01.02"]
[EventType "swiss"]
[EventRounds "9"]
[EventCountry "ESP"]
[SourceTitle "CB02_2024"]
[SourceDate "2024.01.10"]
[SourceVersion "1"]
[SourceVersionDate "2024.01.10"]
[SourceQuality "1"]

1. d4 d5 2. c4 e6 3. Nc3 h6 4. cxd5 exd5 5. Bf4 Nf6 6. e3 Bd6 7. Bxd6 Qxd6 8. Rc1 a6 9. Bd3 0-0 10. Nge2 b6 11. Ng3 c5 12. dxc5 bxc5 13. Na4 Nbd7 14. Nf5 Qe5 15. f4 Qe6 16. Nxc5 Nxc5 17. Rxc5 Re8 18. Qc1 Ne4 19. Bxe4 Qxe4 20. Ng3 Qxg2 21. Qd2 Qf3 22. Rc3 Qxf4 23. Rf1 Qg5 24. Qd4 Bh3 25. Rf4 Rac8 26. Kd2 Rxc3 27. Qxc3 Rc8 28. Qd3 Qe5 29. Rd4 Qc7 30. Qc3 Qb6 31. Qb3 Qa5+ 32. Ke2 Rc1 33. Kf3 Be6 34. Rb4 g6 35. a3 d4 36. Rb8+ Kg7 37. Qb6 Qd5+ 38. e4 Qc4 39. Kf4 d3 40. Qd6 Qc7 41. Qxc7 Rxc7 42. Ke3 Rc2 43. Nf1 Re2+ 44. Kxd3 Rf2 45. Nd2 Rxh2 46. Rb6 Bd7 47. Ke3 Bb5 48. Rd6 h5 49. e5 h4 50. Nf3 Re2+ 51. Kf4 h3 52. Kg3 Rxb2 53. Kxh3 Rb3 54. Kg2 Rxa3 55. e6 fxe6 56. Rxe6 Bc4 57. Re5 a5 58. Rc5 Bd3 59. Kf2 a4 60. Ra5 Be4 61. Nd4 Ra1 62. Ke3 Bf5 63. Nxf5+ gxf5 64. Rxf5 a3 65. Rf2 a2 66. Kf3 Kf6 67. Kg2+ Ke5 68. Kf3 Kd4 69. Kf4 Kc3 70. Rf3+ Kd4 71. Rf2 Kd3 72. Kf3 Kc3 73. Kf4 Kc4 74. Kf5 Kb3 75. Rf3+ Kb2 76. Rf2+ Kb3 77. Rf3+ Kb2 78. Rf2+ 1/2-1/2

[Event "Roquetas de Mar op 35th"]
[Site "Roquetas de Mar"]
[Date "2024.01.03"]
[Round "3"]
[White "Del Prado Rodriguez, Xulio"]
[Black "Espinosa Aranda, Angel"]
[Result "1-0"]
[WhiteElo "2294"]
[BlackElo "2431"]
[PlyCount "45"]
[EventDate "2024.01.02"]
[EventType "swiss"]
[EventRounds "9"]
[EventCountry "ESP"]
[SourceTitle "CB02_2024"]
[SourceDate "2024.01.10"]
[SourceVersion "1"]
[SourceVersionDate "2024.01.10"]
[SourceQuality "1"]

1. d4 Nf6 2. c4 e6 3. Nc3 Bb4 4. e3 0-0 5. Bd3 d5 6. a3 Bxc3+ 7. bxc3 dxc4 8. Bxc4 c5 9. Nf3 Qc7 10. Be2 b6 11. Bb2 Ba6 12. c4 cxd4 13. Nxd4 Rd8 14. Bf3 Bb7 15. Nb5 Rxd1+ 16. Rxd1 Qe7 17. Bxb7 a6 18. Nd6 Nbd7 19. Bxa8 h5 20. 0-0 Nc5 21. Bxf6 gxf6 22. Bf3 h4 23. Bh5 1-0

[Event "Carballo Xiria"]
[Site "Carballo"]
[Date "2023.08.24"]
[Round "6"]
[White "Veiga, Jose Francisco RP"]
[Black "Del Prado Rodriguez, Xulio"]
[Result "1-0"]
[WhiteElo "2389"]
[BlackElo "2333"]
[PlyCount "71"]
[EventDate "2023.08.21"]
[EventType "tourn"]
[EventRounds "9"]
[EventCountry "ESP"]
[EventCategory "6"]
[SourceTitle "CBM 215 Extra"]
[Source "ChessBase"]
[SourceDate "2023.09.30"]
[SourceVersion "1"]
[SourceVersionDate "2023.09.30"]
[SourceQuality "1"]

1. e4 e5 2. Nf3 Nc6 3. Bc4 Nf6 4. d3 Bc5 5. c3 d6 6. 0-0 a5 7. a4 h6 8. Re1 0-0 9. h3 Be6 10. Nbd2 Ba7 11. Bb5 Ne7 12. d4 Ng6 13. Nf1 c6 14. Bd3 Nh5 15. Nxe5 dxe5 16. Qxh5 exd4 17. c4 Qh4 18. Qxh4 Nxh4 19. Ng3 Bb8 20. e5 f6 21. exf6 Bxh3 22. fxg7 Kxg7 23. Nh5+ Kf7 24. gxh3 Nf3+ 25. Kf1 Nxe1 26. Kxe1 Rg8 27. f4 Rg2 28. Kf1 Rh2 29. Ng3 Bc7 30. c5 Kf6 31. Ne4+ Ke6 32. Nf2 Rf8 33. Bc4+ Kd7 34. Kg1 Bxf4 35. Bxf4 Rxf4 36. Nd3 1-0

[Event "Carballo Xiria"]
[Site "Carballo"]
[Date "2023.08.22"]
[Round "2"]
[White "Petkov, Vladimir"]
[Black "Del Prado Rodriguez, Xulio"]
[Result "0-1"]
[WhiteElo "2448"]
[BlackElo "2333"]
[PlyCount "58"]
[EventDate "2023.08.21"]
[EventType "tourn"]
[EventRounds "9"]
[EventCountry "ESP"]
[EventCategory "6"]
[SourceTitle "CBM 215 Extra"]
[Source "ChessBase"]
[SourceDate "2023.09.30"]
[SourceVersion "1"]
[SourceVersionDate "2023.09.30"]
[SourceQuality "1"]

1. d4 d5 2. c4 e6 3. Nc3 h6 4. a3 Nf6 5. Bf4 Bd6 6. Bxd6 Qxd6 7. c5 Qe7 8. e3 0-0 9. f4 b6 10. b4 a5 11. Bd3 Ng4 12. Ke2 c6 13. h3 e5 14. dxe5 f6 15. e6 Nxe3 16. Kxe3 d4+ 17. Kf2 dxc3 18. f5 Rd8 19. Qf3 axb4 20. Ne2 Qxc5+ 21. Kg3 Rxa3 22. Nf4 Ba6 23. Be4 c2 24. Rxa3 bxa3 25. Rc1 a2 26. Qb3 Bc4 27. Qxc2 b5 28. Kg4 Qe5 29. Bf3 h5+ 0-1

[Event "ESP-ch U18"]
[Site "Salobrena"]
[Date "2023.08.05"]
[Round "9"]
[White "Del Prado Rodriguez, Xulio"]
[Black "Gonzalez Castillo, Jose Javier"]
[Result "1-0"]
[WhiteElo "2275"]
[BlackElo "2047"]
[PlyCount "118"]
[EventDate "2023.07.31"]
[EventType "swiss"]
[EventRounds "9"]
[EventCountry "ESP"]
[SourceTitle "CBM 215 Extra"]
[Source "ChessBase"]
[SourceDate "2023.09.30"]
[SourceVersion "1"]
[SourceVersionDate "2023.09.30"]
[SourceQuality "1"]

1. d4 g6 2. e4 Bg7 3. Nf3 c6 4. Bd3 d5 5. e5 Bg4 6. Nbd2 f6 7. h3 Bxf3 8. Nxf3 Nd7 9. exf6 exf6 10. 0-0 Ne7 11. Bf4 0-0 12. Re1 Re8 13. c3 Nf8 14. Qb3 Qd7 15. a4 a5 16. Re2 Ne6 17. Bd2 Nc8 18. c4 Ne7 19. Rae1 dxc4 20. Bxc4 Nd5 21. Rxe6 Rxe6 22. Rxe6 Qxe6 23. Qxb7 Qc8 24. Bxd5+ cxd5 25. Qxd5+ Kh8 26. Bxa5 Qc1+ 27. Kh2 Re8 28. Bc3 h5 29. Qf7 Qf4+ 30. g3 Qe4 31. Ne5 Ra8 32. Nxg6+ Kh7 33. Nf4 h4 34. Qh5+ Kg8 35. Qxh4 Qf3 36. Qh5 Qxf2+ 37. Ng2 f5 38. Qg6 f4 39. gxf4 Ra7 40. Qe8+ Kh7 41. Qe4+ Kh8 42. a5 Bf6 43. Qe8+ Kg7 44. Qe3 Qf1 45. d5 Rf7 46. b4 Bxc3 47. Qxc3+ Kh7 48. d6 Rg7 49. Qc2+ Kh6 50. b5 Qf3 51. Qd2 Qg3+ 52. Kg1 Qxh3 53. f5+ Kh5 54. d7 Rxg2+ 55. Qxg2 Qe3+ 56. Qf2 Qg5+ 57. Kh1 Qc1+ 58. Qg1 Qc3 59. Qg6+ Kh4 1-0

[Event "ESP-ch U18"]
[Site "Salobrena"]
[Date "2023.08.04"]
[Round "7"]
[White "Del Prado Rodriguez, Xulio"]
[Black "Lemeshev, Ilya"]
[Result "0-1"]
[WhiteElo "2275"]
[BlackElo "2148"]
[PlyCount "80"]
[EventDate "2023.07.31"]
[EventType "swiss"]
[EventRounds "9"]
[EventCountry "ESP"]
[SourceTitle "CBM 215 Extra"]
[Source "ChessBase"]
[SourceDate "2023.09.30"]
[SourceVersion "1"]
[SourceVersionDate "2023.09.30"]
[SourceQuality "1"]

1. d4 Nf6 2. c4 g6 3. Nc3 Bg7 4. e4 d6 5. Be2 0-0 6. Be3 e5 7. d5 Na6 8. h4 Nc5 9. Qc2 c6 10. h5 cxd5 11. cxd5 Qa5 12. h6 Bh8 13. f3 Nh5 14. a3 Na6 15. g4 Nf4 16. Bxa6 Qxa6 17. Nh3 Qd3 18. Qxd3 Nxd3+ 19. Ke2 Nxb2 20. Nb5 b6 21. Nxd6 Ba6+ 22. Kd2 Bf6 23. Bg5 Bd8 24. Bxd8 Rfxd8 25. Rab1 Na4 26. Rb4 Nc5 27. Nb5 Rd7 28. Nf2 f6 29. Rc1 Rc8 30. a4 Kf7 31. Rbc4 Nb3+ 32. Kd1 Nxc1 33. Rxc8 Bxc8 34. Kxc1 Ba6 35. Nc3 Ke7 36. Kd2 Kd6 37. Nfd1 Kc5 38. Ne3 Bc4 39. Nc2 a6 40. Nb1 Bb3 0-1

[Event "ESP-ch U18"]
[Site "Salobrena"]
[Date "2023.08.04"]
[Round "8"]
[White "Tabuenca Mendataurigoitia, Pedro"]
[Black "Del Prado Rodriguez, Xulio"]
[Result "0-1"]
[WhiteElo "2071"]
[BlackElo "2275"]
[PlyCount "56"]
[EventDate "2023.07.31"]
[EventType "swiss"]
[EventRounds "9"]
[EventCountry "ESP"]
[SourceTitle "CBM 215 Extra"]
[Source "ChessBase"]
[SourceDate "2023.09.30"]
[SourceVersion "1"]
[SourceVersionDate "2023.09.30"]
[SourceQuality "1"]

1. e4 c5 2. Nf3 d6 3. c3 Nf6 4. h3 Nc6 5. Bd3 e5 6. Bc2 g6 7. 0-0 Bg7 8. d4 exd4 9. cxd4 cxd4 10. Nxd4 0-0 11. Nf3 d5 12. Nc3 dxe4 13. Nxe4 Nxe4 14. Bxe4 Be6 15. Be3 Qxd1 16. Raxd1 Bxa2 17. Rd7 f5 18. Bxc6 bxc6 19. b4 Rf7 20. Rd6 Bd5 21. Ng5 Rb7 22. f4 Bf8 23. Rf6 Be7 24. Bd4 Rxb4 25. Be5 Bxf6 26. Bxf6 h6 27. Nf3 Bxf3 28. Rxf3 Kf7 0-1

[Event "ESP-ch U18"]
[Site "Salobrena"]
[Date "2023.08.03"]
[Round "6"]
[White "Abrisqueta Zudaire, Leyre"]
[Black "Del Prado Rodriguez, Xulio"]
[Result "1/2-1/2"]
[WhiteElo "2076"]
[BlackElo "2275"]
[PlyCount "108"]
[EventDate "2023.07.31"]
[EventType "swiss"]
[EventRounds "9"]
[EventCountry "ESP"]
[SourceTitle "CBM 215 Extra"]
[Source "ChessBase"]
[SourceDate "2023.09.30"]
[SourceVersion "1"]
[SourceVersionDate "2023.09.30"]
[SourceQuality "1"]

1. e4 e5 2. Nf3 Nc6 3. Nc3 Nf6 4. d4 exd4 5. Nxd4 Bb4 6. Nxc6 bxc6 7. Bd3 d5 8. exd5 0-0 9. 0-0 cxd5 10. Bg5 c6 11. Qf3 Bd6 12. Ne2 Bg4 13. Bxf6 Bxf3 14. Bxd8 Bxe2 15. Bxe2 Rfxd8 16. Rad1 Be5 17. b3 Bc3 18. Rd3 d4 19. Rf3 g6 20. Bc4 Rd7 21. g3 Kg7 22. Rd1 Re7 23. h4 h5 24. Kg2 f5 25. a4 c5 26. Bb5 Ba5 27. Kf1 Rb8 28. Bd3 Kf6 29. Bc4 Re5 30. Rf4 Rb6 31. Kg2 Rd6 32. Rf3 Ke7 33. Kf1 Kd7 34. Rfd3 Kc7 35. Rb1 Rd7 36. Rdd1 Rde7 37. Bd3 R5e6 38. Kg2 Rf6 39. Kh3 Kd6 40. Rg1 Rfe6 41. Kg2 Be1 42. Kf3 Kc7 43. Rd1 Kb6 44. Rb1 Ka5 45. Rd1 Kb4 46. Rb1 a5 47. Bc4 Re4 48. Bd3 R4e5 49. Rf1 Kc3 50. Rg1 Kb4 51. Ra1 Kc3 52. Rb1 Kb4 53. Ra1 Kc3 54. Rb1 Re4 1/2-1/2

[Event "ESP-ch U16 rapid"]
[Site "Salobrena"]
[Date "2023.07.30"]
[Round "5"]
[White "Del Prado Rodriguez, Xulio"]
[Black "Ermachenko, Manuel"]
[Result "1-0"]
[WhiteElo "2275"]
[BlackElo "1993"]
[PlyCount "103"]
[EventDate "2023.07.29"]
[EventType "swiss (rapid)"]
[EventRounds "9"]
[EventCountry "ESP"]
[SourceTitle "EXT 2024"]
[Source "ChessBase"]
[SourceDate "2023.10.10"]
[SourceVersion "1"]
[SourceVersionDate "2023.10.10"]
[SourceQuality "1"]

1. d4 Nf6 2. c4 e6 3. Nc3 Bb4 4. e3 0-0 5. Bd3 c5 6. Nge2 Nc6 7. 0-0 Bxc3 8. Nxc3 cxd4 9. exd4 d5 10. cxd5 Nxd5 11. Be4 Nxc3 12. bxc3 Bd7 13. Rb1 b6 14. Qh5 f5 15. Bd3 Rc8 16. Ba6 Ra8 17. Re1 Qc7 18. Qf3 Rae8 19. Bf4 Qd8 20. h3 Na5 21. Bb5 Bxb5 22. Rxb5 Qc8 23. Rbe5 Nc4 24. R5e2 Kh8 25. h4 Qd7 26. h5 h6 27. Qg3 Qf7 28. Qd3 b5 29. a4 a6 30. axb5 axb5 31. Qf3 Qd7 32. Rb1 Ra8 33. Be5 Rfc8 34. Rb3 Nb6 35. Reb2 Nc4 36. Re2 Nb6 37. g3 Nd5 38. Reb2 Ra5 39. Kh2 Kh7 40. Qd3 Rc4 41. g4 Qf7 42. Qf3 Qd7 43. gxf5 exf5 44. Rxb5 Rxb5 45. Rxb5 Qxb5 46. Qxf5+ Kg8 47. Qe6+ Kf8 48. Bd6+ Ne7 49. Bxe7+ Ke8 50. Bf6+ Kf8 51. Qe7+ Kg8 52. Qxg7# 1-0

[Event "ESP-ch U16 rapid"]
[Site "Salobrena"]
[Date "2023.07.29"]
[Round "1"]
[White "Del Prado Rodriguez, Xulio"]
[Black "Andres Iniguez, Iker"]
[Result "1-0"]
[WhiteElo "2275"]
[BlackElo "1609"]
[PlyCount "99"]
[EventDate "2023.07.29"]
[EventType "swiss (rapid)"]
[EventRounds "9"]
[EventCountry "ESP"]
[SourceTitle "EXT 2024"]
[Source "ChessBase"]
[SourceDate "2023.10.10"]
[SourceVersion "1"]
[SourceVersionDate "2023.10.10"]
[SourceQuality "1"]

1. d4 Nf6 2. c4 e6 3. Nc3 d5 4. cxd5 exd5 5. Bg5 Be7 6. e3 0-0 7. Bd3 h6 8. Bf4 Nbd7 9. Nf3 c6 10. h3 Re8 11. 0-0 Nf8 12. Qc2 Bd6 13. Bxd6 Qxd6 14. Rab1 Ne6 15. b4 Ng5 16. Ne5 Nfe4 17. Bxe4 dxe4 18. Nxe4 Nxe4 19. Qxe4 Be6 20. Qc2 a6 21. a4 Qd5 22. Qc5 Qd8 23. Nd3 Bd5 24. Nf4 Be4 25. Rbd1 g5 26. Ne2 Qf6 27. f3 Bg6 28. e4 Rad8 29. a5 h5 30. g4 hxg4 31. hxg4 Bh7 32. Kg2 Qg7 33. Ng3 Re6 34. Rh1 Red6 35. Rxh7 Qxh7 36. Rh1 Qg6 37. Nf5 Re6 38. Rh6 Rde8 39. Rxg6+ fxg6 40. Ng3 Rd8 41. Ne2 Kg7 42. Qxg5 Rf8 43. Nf4 Rd6 44. Qe7+ Rf7 45. Qxd6 Rf6 46. Qe7+ Rf7 47. Ne6+ Kg8 48. Qe8+ Kh7 49. Qxf7+ Kh6 50. Qg7# 1-0

[Event "Galicia-ch U18"]
[Site "Padron"]
[Date "2023.02.20"]
[Round "6"]
[White "Lopez Varela, Pablo"]
[Black "Del Prado Rodriguez, Xulio"]
[Result "1-0"]
[WhiteElo "2279"]
[BlackElo "2295"]
[PlyCount "47"]
[EventDate "2023.02.18"]
[EventType "swiss"]
[EventRounds "8"]
[EventCountry "ESP"]
[SourceTitle "EXT 2024"]
[Source "ChessBase"]
[SourceDate "2023.10.10"]
[SourceVersion "1"]
[SourceVersionDate "2023.10.10"]
[SourceQuality "1"]

1. e4 c6 2. d4 d5 3. e5 c5 4. c3 Nc6 5. Bb5 Qb6 6. Ba4 cxd4 7. cxd4 Bf5 8. Nc3 e6 9. Nge2 Bb4 10. 0-0 Nge7 11. Ng3 0-0 12. Nce2 Qc7 13. a3 Ba5 14. Bg5 Bg6 15. b4 Bb6 16. Rc1 h6 17. Be3 a6 18. Qd2 Ba7 19. h4 b5 20. Bc2 Bxc2 21. Rxc2 Qd7 22. Bxh6 gxh6 23. Qxh6 Bxd4 24. Nxd4 1-0

[Event "Galicia-ch U18"]
[Site "Padron"]
[Date "2023.02.18"]
[Round "1"]
[White "Del Prado Rodriguez, Xulio"]
[Black "Fonteboa Lopez, Samuel"]
[Result "1-0"]
[WhiteElo "2295"]
[BlackElo "1590"]
[PlyCount "49"]
[EventDate "2023.02.18"]
[EventType "swiss"]
[EventRounds "8"]
[EventCountry "ESP"]
[SourceTitle "EXT 2024"]
[Source "ChessBase"]
[SourceDate "2023.10.10"]
[SourceVersion "1"]
[SourceVersionDate "2023.10.10"]
[SourceQuality "1"]

1. d4 d5 2. c4 c6 3. Nc3 Nf6 4. e3 e6 5. Nf3 Bd6 6. Bd3 0-0 7. b3 Bd7 8. 0-0 Na6 9. a3 Rb8 10. Qe2 Nc7 11. e4 dxe4 12. Nxe4 Nxe4 13. Qxe4 f5 14. Qe2 h6 15. Re1 g5 16. h4 Be7 17. Qe3 Rf7 18. hxg5 f4 19. Qe4 hxg5 20. Ne5 Rg7 21. Bb2 Bf6 22. Rad1 Bxe5 23. Qxe5 f3 24. d5 Ne8 25. dxe6 1-0

[Event "ESP-ch States U16"]
[Site "Isla"]
[Date "2022.06.24"]
[Round "3"]
[White "Bernado Lopez, Roger"]
[Black "Del Prado Rodriguez, Xulio"]
[Result "1-0"]
[WhiteElo "2299"]
[BlackElo "2287"]
[PlyCount "111"]
[EventDate "2022.06.23"]
[EventType "swiss"]
[EventRounds "6"]
[EventCountry "ESP"]
[SourceTitle "EXT 2023"]
[Source "ChessBase"]
[SourceDate "2022.10.05"]
[SourceVersion "1"]
[SourceVersionDate "2022.10.05"]
[SourceQuality "1"]

1. d4 Nf6 2. c4 e6 3. Nf3 d5 4. Nc3 Bb4 5. Qa4+ Nc6 6. e3 0-0 7. Qc2 Re8 8. a3 Bf8 9. Bd2 a6 10. h3 dxc4 11. Bxc4 b5 12. Bd3 Bb7 13. Ne4 e5 14. dxe5 Nxe5 15. Nxe5 Nxe4 16. Bxe4 Bxe4 17. Qxe4 f6 18. Bc3 fxe5 19. 0-0 Bd6 20. Rad1 Qe7 21. Rd5 Qe6 22. Rfd1 Rac8 23. Bb4 Bxb4 24. axb4 Re7 25. Rc5 Qb3 26. Qd5+ Qxd5 27. Rdxd5 e4 28. Rc6 Ra8 29. Rc1 Kf7 30. Kh2 Ra7 31. Kg3 h6 32. Rc6 g6 33. Rcc5 Kf6 34. Rd8 Kg7 35. h4 Rb7 36. Rc2 Rb6 37. Rc8 Rb7 38. Rd2 Ra7 39. Rd5 Kh7 40. Kf4 Kg7 41. g4 Rf7+ 42. Kg3 Re7 43. g5 hxg5 44. hxg5 Rf7 45. Re8 a5 46. Rxe4 axb4 47. Rxb5 Ra1 48. Kg2 c5 49. Rxc5 Rb7 50. Rc2 b3 51. Rd2 Ra5 52. f4 Rc5 53. Red4 Rc2 54. Kf3 Rbc7 55. Ke2 Rc1 56. Rd7+ 1-0

[Event "ESP-ch States U16"]
[Site "Isla"]
[Date "2022.06.23"]
[Round "1"]
[White "Del Prado Rodriguez, Xulio"]
[Black "Leone Amigot, Haymar"]
[Result "1-0"]
[WhiteElo "2287"]
[BlackElo "1989"]
[PlyCount "59"]
[EventDate "2022.06.23"]
[EventType "swiss"]
[EventRounds "6"]
[EventCountry "ESP"]
[SourceTitle "EXT 2023"]
[Source "ChessBase"]
[SourceDate "2022.10.05"]
[SourceVersion "1"]
[SourceVersionDate "2022.10.05"]
[SourceQuality "1"]

1. d4 Nf6 2. c4 e6 3. Nc3 Bb4 4. e3 b6 5. Nge2 Bb7 6. a3 Be7 7. Ng3 d5 8. cxd5 exd5 9. Bd3 Nbd7 10. b4 0-0 11. Nf5 Re8 12. Nxe7+ Qxe7 13. 0-0 Nf8 14. b5 Ne6 15. a4 a5 16. Qb3 Rad8 17. Ra2 g6 18. f3 Nh5 19. Re2 f5 20. Bb2 Qf6 21. Nb1 f4 22. Rfe1 Kf7 23. Qc3 fxe3 24. Rxe3 Nhf4 25. Bf1 Qg5 26. Kh1 Qe7 27. g3 Nh5 28. Rxe6 Qxe6 29. Rxe6 Rxe6 30. Qxc7+ 1-0

[Event "Barcelona 7th"]
[Site "Barcelona"]
[Date "2022.05.14"]
[Round "8"]
[White "Pajeken, Jakob Leon"]
[Black "Del Prado Rodriguez, Xulio"]
[Result "1-0"]
[WhiteElo "2398"]
[BlackElo "2326"]
[PlyCount "71"]
[EventDate "2022.05.10"]
[EventType "tourn"]
[EventRounds "9"]
[EventCountry "ESP"]
[EventCategory "6"]
[SourceTitle "CBM 208 Extra"]
[Source "ChessBase"]
[SourceDate "2022.07.31"]
[SourceVersion "1"]
[SourceVersionDate "2022.07.31"]
[SourceQuality "1"]

1. d4 Nf6 2. Nf3 e6 3. c4 d5 4. Nc3 a6 5. e3 dxc4 6. a4 c5 7. Bxc4 cxd4 8. exd4 Bb4 9. 0-0 0-0 10. Ne5 Bd6 11. Qb3 Nbd7 12. Nxd7 Bxd7 13. Qxb7 Rb8 14. Qxa6 Bc8 15. Qa7 Rb7 16. Qa8 Qc7 17. Be2 Bxh2+ 18. Kh1 e5 19. d5 e4 20. Ra3 Bd6 21. Nb5 Rxb5 22. axb5 Bg4 23. Bxg4 Nxg4 24. Qc6 Qb8 25. Ra6 Bf4 26. d6 Bxc1 27. Qxc1 Qxb5 28. Ra3 e3 29. Rxe3 Nxe3 30. fxe3 h6 31. Rd1 Rd8 32. d7 Kf8 33. Qd2 Qc6 34. Qb4+ Kg8 35. Qe7 Qc7 36. Qe8+ 1-0

[Event "Barcelona 7th"]
[Site "Barcelona"]
[Date "2022.05.12"]
[Round "4"]
[White "Del Prado Rodriguez, Xulio"]
[Black "Gonzalez Perez, Arian"]
[Result "0-1"]
[WhiteElo "2326"]
[BlackElo "2415"]
[PlyCount "80"]
[EventDate "2022.05.10"]
[EventType "tourn"]
[EventRounds "9"]
[EventCountry "ESP"]
[EventCategory "6"]
[SourceTitle "CBM 208 Extra"]
[Source "ChessBase"]
[SourceDate "2022.07.31"]
[SourceVersion "1"]
[SourceVersionDate "2022.07.31"]
[SourceQuality "1"]

1. d4 Nf6 2. c4 g6 3. Nc3 Bg7 4. e4 d6 5. Be2 0-0 6. Be3 c5 7. d5 e6 8. Nf3 exd5 9. cxd5 a6 10. a4 Bg4 11. Nd2 Bxe2 12. Qxe2 Re8 13. f3 Nbd7 14. 0-0 Rc8 15. Kh1 Qc7 16. a5 Ra8 17. Ra3 Rab8 18. Rb1 Nh5 19. g4 Nhf6 20. h3 h5 21. Nc4 b5 22. axb6 Nxb6 23. Rxa6 Nxc4 24. Qxc4 Rb4 25. Qd3 hxg4 26. hxg4 Reb8 27. Nd1 Nd7 28. Bd2 Ne5 29. Qf1 Rb3 30. Bc3 Qe7 31. Rba1 c4 32. Ra8 Qh4+ 33. Kg2 Nd3 34. Qg1 Nf4+ 35. Kf1 Qh3+ 36. Kf2 Bd4+ 37. Ne3 Bxc3 38. bxc3 Rb2+ 39. Nc2 Rxc2+ 40. Ke3 Ng2+ 0-1

[Event "Barcelona 7th"]
[Site "Barcelona"]
[Date "2022.05.11"]
[Round "3"]
[White "Alvarez Albiol, Victor"]
[Black "Del Prado Rodriguez, Xulio"]
[Result "1/2-1/2"]
[WhiteElo "2328"]
[BlackElo "2326"]
[PlyCount "37"]
[EventDate "2022.05.10"]
[EventType "tourn"]
[EventRounds "9"]
[EventCountry "ESP"]
[EventCategory "6"]
[SourceTitle "CBM 208 Extra"]
[Source "ChessBase"]
[SourceDate "2022.07.31"]
[SourceVersion "1"]
[SourceVersionDate "2022.07.31"]
[SourceQuality "1"]

1. e4 e5 2. Nf3 Nc6 3. Nc3 Nf6 4. d4 exd4 5. Nxd4 Bb4 6. Nxc6 bxc6 7. Bd3 d5 8. Bd2 0-0 9. 0-0 Bxc3 10. Bxc3 dxe4 11. Bxf6 Qxf6 12. Bxe4 Ba6 13. Re1 Qxb2 14. Rb1 Qf6 15. Qd7 Bc4 16. a3 Bd5 17. Bxd5 cxd5 18. Qxd5 g6 19. Qc5 1/2-1/2